000 04736cam a22018378i 4500
003 PE-LiUPU
005 20250813170021.0
008 221031s2024 pau ob 001 0 eng
010 _a 2022052637
020 _z0838590101
040 _aDLC
_bspa
_cPE-LiUPU
_erda
_dPE-LiUPU
050 0 0 _aRD93
060 0 0 _aWO 700
082 0 0 _a617.1
_223
_bT777
245 0 0 _aTrauma /
_ceditado por: David V. Feliciano, Ernest E. Moore y Kenneth L.Mattox.
250 _aTercera edición.
264 1 _aStamford, Connecticut :
_bApleton & Lange,
_c1996.
300 _a1280 páginas :
_bilustrado ;
_c28.5 centímetros.
336 _atext
_btxt
_2rdacontent
337 _acomputer
_bc
_2rdamedia
338 _aonline resource
_bcr
_2rdacarrier
504 _aReferencias bibliográficas al final de cada capítulo.
505 _aTrauma overview -- Generalized approaches to the traumatized patient --Management of specific injuries -- Special problems -- Management of complications after trauma -- Medicolegal and legislative issues in trauma.
520 _a"Established in 1860, fittingly one of the first patients treated at the Denver General Hospital (DGH) was Dr Stone who was shot in a duel by the acting Governor Bliss. In 1967, over a century later, Ben Eiseman MD became the first academic Chief of Surgery at DGH and recruited Ernest E Moore MD as the first Chief of Trauma a decade later"--
_cProvided by publisher.
526 _aP203
526 _aP200
526 _aSEG65
526 _aSEG64
526 _aSEG63
526 _aSEG62
526 _aSEG61
526 _aSEG60
526 _aSEG59
526 _aSEG58
526 _aSEG57
526 _aSEG56
526 _aSEG55
526 _aSEG54
526 _aSEG53
526 _aSEG52
526 _aSEG51
526 _aSEG50
526 _aSEG49
526 _aSEG48
526 _aSEG47
526 _aSEG46
526 _aSEG24
526 _aSEG23
526 _aSEG22
526 _aSEG21
526 _aSEG20
526 _aSEG19
526 _aSEG18
526 _aSEG17
526 _aSEG16
526 _aSEG14
526 _aSEG13
526 _aSEG12
526 _aSEG11
526 _aSEG10
526 _aSEG09
526 _aSEG06
526 _aSEG05
526 _aSEG04
526 _aSEG03
526 _aSEG02
526 _aSEG68
526 _aSEG66
526 _aSEG45
526 _aSEG25
526 _aSEG01
526 _aP163
526 _aP162
526 _aP161
526 _aP160
526 _aP159
526 _aP158
526 _aP157
526 _aP156
526 _aP155
526 _aP154
526 _aP153
526 _aP152
526 _aP151
526 _aP150
526 _aP149
526 _aP142
526 _aP141
526 _aP140
526 _aP139
526 _aP138
526 _aP137
526 _aP132
526 _aP131
526 _aP130
526 _aP126
526 _aP125
526 _aP124
526 _aP123
526 _aP115
526 _aP122
526 _aP121
526 _aP116
526 _a P114
526 _aP112
526 _aP111
526 _aP104
526 _aP103
526 _aP102
526 _aP101
526 _aP100
526 _aP96
526 _aP95
526 _aP93
526 _aP92
526 _aP91
526 _aP88
526 _aP83
526 _aP82
526 _aP79
526 _aP78
526 _aP75
526 _aP74
526 _aP71
526 _aP69
526 _a P51
526 _aP49
526 _aP48
526 _aP47
526 _aP33
526 _aP31
526 _a P30
526 _aP29
526 _aP27
526 _aP26
526 _aP25
526 _aP24
526 _a P22
526 _aP10
526 _aP09
526 _a P08
526 _aP06
526 _aP05
526 _aP04
526 _aP01
588 _aDescription based on print version record and CIP data provided by publisher; resource not viewed.
650 1 4 _aHeridas
_xCirugía.
_94297
650 2 4 _aCirugía operatoria
_94298
650 2 4 _aCuidados intensivos (Medicina)
_xMetodología.
_94299
700 _aFeliciano, David V.
_eeditor.
_94300
700 _aMoore, Ernest E.
_eeditor.
_94301
700 _aMattox, Kenneth L.
_eeditor.
_94302
776 0 8 _iPrint version:
_tErnest E. Moore Shock Trauma Center at Denver Health illustrated tips and tricks in trauma surgery
_dPhiladelphia, PA : Wolters Kluwer, [2024]
_z9781975109516
_w(DLC) 2022052636
942 _2ddc
_cBK
_n0
980 _618226
_aJaime Vilcazán Jefe de Análisis Documental
_81
_gALBERTO SANCHEZ Responsable de Automatización
999 _c62605
_d62604